Маленький Цахес, по прозванию Циннобер: Повесть-сказка; Для среднего и старшего школьного возраста

Bibliografiske detaljer
Hovedforfatter: Гофман Э. Т. А. Эрнст Теодор Амадей
Andre forfattere: Апт С. (переводчик), Харитонов М. (автор послесловия), Гольц Н. (иллюстратор)
Sprog:russisk
Udgivet: Москва, Детская литература, 1988
Udgivelse:переиздание
Fag:
Format: MixedMaterials Bog
KOHA link:https://koha.lib.tpu.ru/cgi-bin/koha/opac-detail.pl?biblionumber=141486

MARC

LEADER 00000nam0a2200000 4500
001 141486
005 20231101220920.0
010 |a 5080013710 
035 |a (RuTPU)RU\TPU\book\153377 
035 |a RU\TPU\book\153376 
090 |a 141486 
100 |a 20080820d1988 d y0rusy5003 ca 
101 1 |a rus  |c ger 
102 |a RU 
105 |a a z 000ay 
200 1 |a Маленький Цахес, по прозванию Циннобер  |e Повесть-сказка   |e Для среднего и старшего школьного возраста  |f Э. Т. А. Гофман  |g пер. С. Апт ; авт. послесл. М. Харитонов ; худож. Н. Гольц 
205 |a переиздание 
210 |a Москва  |c Детская литература  |d 1988 
215 |a 127 с.  |c ил.  |d 26 см 
610 1 |a детская литература 
610 1 |a сказки 
610 1 |a немецкая литература 
675 |a 83  |z rus  |v 3 
700 1 |a Гофман  |b Э. Т. А.  |c немецкий писатель  |c композитор  |c художник  |f 1776-1822  |g Эрнст Теодор Амадей  |2 stltpush  |3 (RuTPU)RU\TPU\pers\11743  |9 2890 
702 1 |a Апт  |b С.  |4 730 
702 1 |a Харитонов  |b М.  |4 075 
702 1 |a Гольц  |b Н.  |4 440 
801 0 |a RU  |b RuMRKP  |c 19950417  |g psbo 
801 1 |a RU  |b 63413507  |c 20070628  |g PSBO 
801 2 |a RU  |b 63413507  |c 20080820  |g PSBO 
942 |c BK